Law Express : Land (Record no. 112603)
[ view plain ]
| 000 -LEADER | |
|---|---|
| fixed length control field | 01255cam a22002415a 4500 |
| 001 - CONTROL NUMBER | |
| control field | L153603 |
| 008 - FIXED-LENGTH DATA ELEMENTS--GENERAL INFORMATION | |
| fixed length control field | 110809s2010 xxk f 000 0 eng d |
| 020 ## - INTERNATIONAL STANDARD BOOK NUMBER | |
| International Standard Book Number | 9781408239940 |
| 035 ## - SYSTEM CONTROL NUMBER | |
| System control number | (Sirsi) u153603 |
| 041 0# - LANGUAGE CODE | |
| Language code of text/sound track or separate title | eng |
| 100 1# - MAIN ENTRY--PERSONAL NAME | |
| Personal name | Duddington, John |
| 245 00 - TITLE STATEMENT | |
| Title | Law Express : Land |
| Medium | [electronic resource] |
| 250 ## - EDITION STATEMENT | |
| Edition statement | 3rd ed. |
| 260 ## - PUBLICATION, DISTRIBUTION, ETC. | |
| Name of publisher, distributor, etc. | Pearson Education |
| Date of publication, distribution, etc. | 2010 |
| 300 ## - PHYSICAL DESCRIPTION | |
| Extent | eBook |
| 505 2# - FORMATTED CONTENTS NOTE | |
| Formatted contents note | 1 The building blocks of land law: estates and interests in land -- 2 Registered and unregistered title to land -- 3 Co-ownership of land -- 4 Trusts and the home -- 5 L icences and proprietary estoppel -- 6 L eases -- 7 Covenants affecting freehold land -- 8 Easements and profits -- 9 Mortgages -- 10 A dverse possession |
| 520 ## - SUMMARY, ETC. | |
| Summary, etc. | Land Law is designed to help you to relate all the reading and study throughout your course specifically to exam and assignment situations. Understand quickly what is required, organise your revision, and learn the key points with ease, to get the grades you need. Tested with examiners and students. |
| 650 24 - SUBJECT ADDED ENTRY--TOPICAL TERM | |
| Topical term or geographic name entry element | EBOOK |
| 651 #4 - SUBJECT ADDED ENTRY--GEOGRAPHIC NAME | |
| Geographic name | ENGLAND AND WALES |
| 690 ## - LOCAL SUBJECT ADDED ENTRY--TOPICAL TERM (OCLC, RLIN) | |
| Topical term or geographic name as entry element | LAND LAW |
| 856 40 - ELECTRONIC LOCATION AND ACCESS | |
| Uniform Resource Identifier | <a href="https://www.vlebooks.com/">https://www.vlebooks.com/</a> |
| Public note | View on VLEbooks. Logins for members only from [email protected] |
| 942 ## - ADDED ENTRY ELEMENTS (KOHA) | |
| Suppress in OPAC | 0 |
| Withdrawn status | Lost status | Source of classification or shelving scheme | Damaged status | Not for loan | Home library | Current library | Shelving location | Date acquired | Total Checkouts | Full call number | Barcode | Date last seen | Copy number | Price effective from | Koha item type |
|---|---|---|---|---|---|---|---|---|---|---|---|---|---|---|---|
| Dewey Decimal Classification | Virtual | Virtual | Online | 09/08/2011 | EBOOK | 153603-1001 | 06/08/2019 | 1 | 06/08/2019 | Book |